000 01514cam a22004454i 4500
003 PE-LiUPU
005 20250731173034.0
008 150623s r 000 0 d
020 _a0878087443
035 _a(Sirsi) i9780878087440
040 _aPE-LiUPU
_bspa
_cPE-LiUPU
_erda
049 _aPRUA
082 0 4 _a226
_bS98
_221
100 1 _aSwanson, Reuben J.,
_eautor.
245 1 4 _aThe horizontal line synopsis of the gospels /
_cReuben J. Swanson.
264 1 _aPasadena, California :
_bWilliam Carey Library,
_c1984.
300 _apaginación varia ;
_c24 centímetros
336 _atext
_2rdacontent
337 _aunmediated
_2rdamedia
338 _avolume
_2rdacarrier
505 0 _aThe gospel according to Matthew. -The gospel according to Mark. -The gospel according to Luke. -The gospel according to John.
526 _aSEG42
526 _aSEG41
526 _aSEG40
526 _aSEG39
526 _aP94
526 _aP87
526 _aP86
526 _aP85
526 _aP77
526 _aP76
526 _aP35
630 _aBiblia.
_pN.T.
_pEvangelios
_xArmonías.
942 _2ddc
_cBOOK
949 _a226 S98
_wDEWEY
_c1
_i48029
_lCCODEBUL1
_mBUL
_r0
_sY
_tBOOK
_u2015-6-24
_xTEOLOGIA
_PP35
_0COMPRA
_o.STAFF. Colección General
994 _aC0
_bPEPRU
596 _a1
999 _a226 S98
_wDEWEY
_c25584
_i48029
_f2021-11-9
_g5
_lCCODEBUL1
_mBUL
_r0
_sY
_tBOOK
_u2015-6-24
_xTEOLOGIA
_PP35
_0COMPRA
_o.STAFF. Colección General
_d25584
980 _81
_gALBERTO SANCHEZ Responsable de Automatización